000 004510000a22001810004500
003 MACL
005 20160120121333.0
008 160120b xxu||||| |||| 00| 0 eng d
040 _aMACL
_cMACL
041 _aEnglish
082 _a005.118/KIM
100 _aKimmel, Paul
_933466
245 _aVisual Besic Net Unleashed
260 _bTechmedia
_c2002
_aNew Delhi
350 _a360
650 _aComputer probraming
_933182
942 _cBK
_k005/Kim
_2ddc
999 _c33597
_d33597